Facebook zahalen v oparu alkoholu

Špecifiká reklamy na alkohol na sociálnej sieti Facebook. Zacielenie reklamy na starších používateľov. Dlhodobé udržanie si zákazníkov. Vybudovanie si okruhu "brand ambassádorov". Čo na to zákon.

Gespeichert in:
Bibliographische Detailangaben
1. Verfasser: Meravá, Tereza
Format: Buchkapitel
Sprache:Tschechisch
Schlagworte:
Tags: Tag hinzufügen
Keine Tags, Fügen Sie das erste Tag hinzu!

MARC

LEADER 00000naa a2200000 4500
001 0151324
005 20240315071852.9
041 0 |a cze 
044 |a CZ 
245 1 0 |a Facebook zahalen v oparu alkoholu  |c Tereza Meravá 
520 |a Špecifiká reklamy na alkohol na sociálnej sieti Facebook. Zacielenie reklamy na starších používateľov. Dlhodobé udržanie si zákazníkov. Vybudovanie si okruhu "brand ambassádorov". Čo na to zákon. 
610 2 0 |a internet 
610 2 0 |a propagácia 
610 2 0 |a reklama 
610 2 0 |a siete sociálne 
610 2 0 |a skupiny cieľové 
610 2 0 |a nápoje alkoholické 
610 2 0 |a legislatíva 
100 1 |a Meravá, Tereza